000 00608nam a2200229 a 4500
999 _c4868
_d4868
001 4868
003 BD-JhCC
005 20180328174228.0
008 171204s1946 usaa|||| ||a| 000 0 eng d
035 _a(BD-JhCC)4868
040 _aBD-JhCC
_dBD-JhCC
041 _aeng
082 _a823.91
_bARM 1946
100 _aArmstrong, Richard
245 _aSabotage at the Forge :
_bA Story of Boys /
_cRichard Armstrong
260 _aVictoria :
_bPenguin Books Ltd,
_c1946.
300 _a189 p. :
_c18 cm.
_billu;
650 _aIron and Steel Workers
650 _aSabotage
942 _2ddc
_cBK